[Event "WchT Amateur"]
[Site "Kaunas"]
[Date "2016.11.22"]
[Round "3.1"]
[White "Jakutis, Paulius"]
[Black "Sulikiene, Kristina"]
[Result "0-1"]
[WhiteElo "1627"]
[BlackElo "1927"]
[PlyCount "80"]
[EventDate "2016.11.20"]
[EventType "team-swiss"]
[EventRounds "9"]
[EventCountry "LTU"]
[SourceTitle "CBM 175 Extra"]
[Source "ChessBase"]
[SourceDate "2016.12.12"]
[SourceVersion "1"]
[SourceVersionDate "2016.12.12"]
[SourceQuality "1"]
[WhiteTeam "Lithuania Gambiteriai"]
[BlackTeam "Lithuania VDU II"]
[WhiteTeamCountry "LTU"]
[BlackTeamCountry "LTU"]

1. e4 e5 2. Nf3 Nf6 3. Nxe5 d6 4. Nf3 Nxe4 5. Qe2 Qe7 6. d3 Nf6 7. Bg5 Be6 8. Nc3 Nc6 9. d4 d5 10. 0-0-0 0-0-0 11. Ne5 Rd6 12. Qf3 h6 13. Nxc6 Rxc6 14. Bxf6 Qxf6 15. Qxf6 gxf6 16. Bd3 h5 17. Ne2 Bh6+ 18. Kb1 Rg8 19. Ng3 a6 20. Rhg1 Kb8 21. Rde1 Bf4 22. Nf1 Rb6 23. c3 Bd6 24. Kc2 c5 25. Ne3 cxd4 26. cxd4 Rb4 27. Bf5 Rxd4 28. Rd1 Rf4 29. Bxe6 Rxf2+ 30. Rd2 Rxd2+ 31. Kxd2 fxe6 32. Rf1 d4 33. Nc4 Rxg2+ 34. Kd3 Be5 35. h4 Rg3+ 36. Kc2 Kc7 37. a4 d3+ 38. Kd2 Bd4 39. Rc1 Kd7 40. b4 b5 0-1

[Event "WchT Amateur"]
[Site "Kaunas"]
[Date "2016.11.20"]
[Round "1.1"]
[White "Prigodin, Ruslan"]
[Black "Jakutis, Paulius"]
[Result "1-0"]
[WhiteElo "1975"]
[BlackElo "1627"]
[PlyCount "91"]
[EventDate "2016.11.20"]
[EventType "team-swiss"]
[EventRounds "9"]
[EventCountry "LTU"]
[SourceTitle "CBM 175 Extra"]
[Source "ChessBase"]
[SourceDate "2016.12.12"]
[SourceVersion "1"]
[SourceVersionDate "2016.12.12"]
[SourceQuality "1"]
[WhiteTeam "Lithuania AG"]
[BlackTeam "Lithuania Gambiteriai"]
[WhiteTeamCountry "LTU"]
[BlackTeamCountry "LTU"]

1. d4 Nf6 2. Nf3 g6 3. g3 Bg7 4. Bg2 0-0 5. 0-0 d5 6. c4 c6 7. cxd5 cxd5 8. Nc3 Nc6 9. Ne5 Nxe5 10. dxe5 Ng4 11. Nxd5 Nxe5 12. Bg5 Nc6 13. Nxe7+ Nxe7 14. Qxd8 Rxd8 15. Bxe7 Re8 16. Ba3 Rxe2 17. Bf3 Rd2 18. Rfd1 Rxd1+ 19. Rxd1 Be6 20. b3 Rb8 21. Bxb7 Bg4 22. f3 Bf5 23. Be4 Bxe4 24. fxe4 h5 25. Kf2 Rb5 26. Rd8+ Kh7 27. Rd5 Rb6 28. Bc5 Rc6 29. Ke3 a6 30. b4 g5 31. Rd6 Rxd6 32. Bxd6 Kg6 33. a4 Kf6 34. Kd4 Ke6+ 35. Kc5 Bc3 36. Kc6 g4 37. b5 axb5 38. axb5 Bd4 39. Bc7 f5 40. exf5+ Kxf5 41. Kd5 Bg1 42. b6 Kg5 43. b7 Ba7 44. Bf4+ Kf5 45. b8Q Bxb8 46. Bxb8 1-0

[Event "Kaunas Butnorius 70 op"]
[Site "Kaunas"]
[Date "2016.08.05"]
[Round "7"]
[White "Jakutis, Paulius"]
[Black "Boyajyan, David"]
[Result "0-1"]
[WhiteElo "1641"]
[BlackElo "1475"]
[PlyCount "86"]
[EventDate "2016.08.01"]
[EventType "swiss"]
[EventRounds "9"]
[EventCountry "LTU"]
[SourceTitle "CBM 173 Extra"]
[Source "ChessBase"]
[SourceDate "2016.08.29"]
[SourceVersion "1"]
[SourceVersionDate "2016.08.29"]
[SourceQuality "1"]

1. e4 e6 2. d4 d5 3. exd5 exd5 4. Nf3 Nf6 5. Bd3 Bd6 6. 0-0 0-0 7. Bg5 Bg4 8. Nbd2 c6 9. c3 h6 10. Bh4 Nbd7 11. h3 Bh5 12. Qc2 Bxf3 13. Nxf3 Qc7 14. Bxf6 Nxf6 15. Rfe1 Rae8 16. Nh4 Qb8 17. Nf5 Bc7 18. Re2 Rxe2 19. Qxe2 Re8 20. Qf3 Qd8 21. Kf1 Ne4 22. Qg4 Qf6 23. f3 h5 24. Qxh5 g6 25. Nh6+ Kg7 26. Qg4 Kxh6 27. Re1 Ng3+ 28. Kf2 Rxe1 29. Kxe1 Qe6+ 30. Qxe6 fxe6 31. Kf2 Nf5 32. b4 Nd6 33. g3 a5 34. a3 axb4 35. cxb4 Bb6 36. Ke3 Nb5 37. Bxb5 cxb5 38. f4 g5 39. fxg5+ Kxg5 40. g4 Kh4 41. Kd3 Kxh3 42. g5 Bd8 43. g6 Bf6 0-1

[Event "Kaunas Butnorius 70 op"]
[Site "Kaunas"]
[Date "2016.08.03"]
[Round "5"]
[White "Jakutis, Paulius"]
[Black "Paskauskas, Zenonas"]
[Result "1-0"]
[WhiteElo "1641"]
[BlackElo "1414"]
[PlyCount "99"]
[EventDate "2016.08.01"]
[EventType "swiss"]
[EventRounds "9"]
[EventCountry "LTU"]
[SourceTitle "CBM 173 Extra"]
[Source "ChessBase"]
[SourceDate "2016.08.29"]
[SourceVersion "1"]
[SourceVersionDate "2016.08.29"]
[SourceQuality "1"]

1. e4 e5 2. Nf3 d6 3. Bc4 Be7 4. d4 Nc6 5. h3 Nf6 6. Nc3 0-0 7. 0-0 a6 8. a4 Na5 9. Ba2 exd4 10. Nxd4 c5 11. Nde2 Bd7 12. Nf4 b5 13. axb5 axb5 14. Ncd5 Nxd5 15. Nxd5 Nc6 16. Be3 Ra5 17. Nxe7+ Qxe7 18. Bd5 Rfa8 19. Rxa5 Rxa5 20. Qd2 Qd8 21. Rd1 Ra6 22. Bxc5 dxc5 23. Bxc6 Rxc6 24. Qxd7 Qxd7 25. Rxd7 g6 26. f4 Ra6 27. Rd5 Rc6 28. Kf2 Kg7 29. Ke3 Kf6 30. g4 h6 31. h4 Kg7 32. Kd3 Rc7 33. c4 b4 34. Kc2 Kf6 35. Kb3 Ke6 36. f5+ gxf5 37. exf5+ Kf6 38. Ka4 Ke7 39. Kb5 Kf6 40. g5+ hxg5 41. hxg5+ Kxg5 42. Kb6 Re7 43. Kxc5 Re2 44. b3 Rf2 45. Kxb4 Rxf5 46. Rxf5+ Kxf5 47. c5 Ke6 48. Kc4 f5 49. Kd4 Kd7 50. Ke5 1-0

[Event "EU Amateur-ch"]
[Site "Kaunas"]
[Date "2015.08.16"]
[Round "9"]
[White "Skietrys, Eugenijus"]
[Black "Jakutis, Paulius"]
[Result "0-1"]
[WhiteElo "1422"]
[BlackElo "1650"]
[PlyCount "58"]
[EventDate "2015.08.09"]
[EventType "swiss"]
[EventRounds "9"]
[EventCountry "LTU"]
[SourceTitle "CBM 167 Extra"]
[Source "ChessBase"]
[SourceDate "2015.09.14"]
[SourceVersion "1"]
[SourceVersionDate "2015.09.14"]
[SourceQuality "1"]

1. e4 e5 2. f4 exf4 3. Nf3 Nf6 4. e5 Nd5 5. c4 Nb6 6. d4 Bb4+ 7. Nc3 0-0 8. Bxf4 d6 9. Bd3 h6 10. 0-0 dxe5 11. Bxe5 Nc6 12. Ne4 Bg4 13. Bf4 Nxd4 14. a3 Be7 15. Qd2 Bxf3 16. gxf3 f5 17. Ng3 Nb3 18. Qg2 Qd4+ 19. Kh1 Qxf4 20. Rae1 Bc5 21. Nxf5 Rxf5 22. Re4 Qd2 23. Bc2 Rg5 24. Qh3 Nd4 25. Rfe1 Nxc2 26. Qe6+ Kh8 27. R4e2 Qd4 28. h4 Rg1+ 29. Kh2 Qf4+ 0-1

[Event "EU Amateur-ch"]
[Site "Kaunas"]
[Date "2015.08.14"]
[Round "7"]
[White "Karpiejus, Edvardas"]
[Black "Jakutis, Paulius"]
[Result "1-0"]
[WhiteElo "1420"]
[BlackElo "1650"]
[PlyCount "65"]
[EventDate "2015.08.09"]
[EventType "swiss"]
[EventRounds "9"]
[EventCountry "LTU"]
[SourceTitle "CBM 167 Extra"]
[Source "ChessBase"]
[SourceDate "2015.09.14"]
[SourceVersion "1"]
[SourceVersionDate "2015.09.14"]
[SourceQuality "1"]

1. d4 Nf6 2. c4 c5 3. d5 e6 4. Nc3 exd5 5. cxd5 d6 6. e4 g6 7. h3 Bg7 8. Nf3 0-0 9. Bd3 a6 10. a4 Nbd7 11. 0-0 Re8 12. Bf4 Qb6 13. Qd2 Nh5 14. Bh2 Ne5 15. Nxe5 dxe5 16. a5 Qf6 17. f4 exf4 18. Bxf4 Nxf4 19. Qxf4 Qd4+ 20. Kh1 f6 21. Bc2 Bd7 22. Qc7 Bb5 23. Rfd1 Qb4 24. Nxb5 axb5 25. d6 Qxb2 26. d7 Red8 27. Qxc5 Rxd7 28. Rxd7 Qxa1+ 29. Kh2 f5 30. Qd5+ Kh8 31. Rd8+ Bf8 32. Bb3 Rxd8 33. Qg8# 1-0

[Event "Plunge op 35th"]
[Site "Plateliai"]
[Date "2015.07.25"]
[Round "8"]
[White "Pluta, Paulius"]
[Black "Jakutis, Paulius"]
[Result "1-0"]
[WhiteElo "1475"]
[BlackElo "1751"]
[PlyCount "101"]
[EventDate "2015.07.20"]
[EventType "swiss"]
[EventRounds "9"]
[EventCountry "LTU"]
[SourceTitle "EXT 2018"]
[Source "ChessBase"]
[SourceDate "2017.10.13"]
[SourceVersion "1"]
[SourceVersionDate "2017.10.13"]
[SourceQuality "1"]

1. e4 e5 2. Nf3 Nf6 3. Nxe5 d6 4. Nf3 Nxe4 5. Nc3 Nxc3 6. dxc3 Be7 7. Bd3 Nc6 8. 0-0 0-0 9. Re1 Bg4 10. Bf4 Bf6 11. h3 Bh5 12. Re3 Re8 13. Qe2 Qd7 14. Re1 Rxe3 15. Qxe3 Ne7 16. Bg5 c6 17. c4 Re8 18. Bxf6 gxf6 19. Nh4 Bg6 20. Qf4 Kg7 21. Re3 d5 22. Bxg6 fxg6 23. Qd4 b6 24. c5 Kf7 25. g4 Nc8 26. cxb6 axb6 27. Nf3 Re6 28. g5 Qe7 29. gxf6 Qxf6 30. Qxf6+ Rxf6 31. Kg2 h6 32. Nd4 Ne7 33. Rf3 Rxf3 34. Kxf3 Kf6 35. Kf4 c5 36. Nb5 Nc8 37. c3 Ke6 38. b3 Ne7 39. a4 Nf5 40. b4 c4 41. a5 bxa5 42. bxa5 Kd7 43. Ke5 Kc6 44. Nd4+ Kc5 45. Nxf5 gxf5 46. a6 Kb6 47. Kxd5 Kxa6 48. Kxc4 Kb6 49. Kd5 h5 50. f4 Kc7 51. Ke6 1-0

[Event "Plunge op 35th"]
[Site "Plateliai"]
[Date "2015.07.21"]
[Round "2"]
[White "Klabis, Rokas"]
[Black "Jakutis, Paulius"]
[Result "1-0"]
[WhiteElo "2187"]
[BlackElo "1751"]
[PlyCount "55"]
[EventDate "2015.07.20"]
[EventType "swiss"]
[EventRounds "9"]
[EventCountry "LTU"]
[SourceTitle "EXT 2018"]
[Source "ChessBase"]
[SourceDate "2017.10.13"]
[SourceVersion "1"]
[SourceVersionDate "2017.10.13"]
[SourceQuality "1"]

1. e4 e5 2. Bc4 Nf6 3. d3 Bc5 4. Nf3 Nc6 5. 0-0 0-0 6. Bg5 d6 7. h3 h6 8. Be3 Bxe3 9. fxe3 Be6 10. Bb3 Bxb3 11. axb3 d5 12. exd5 Nxd5 13. Qe1 Qe7 14. Nc3 Ncb4 15. Rf2 Rfe8 16. e4 Nf4 17. Qe3 c5 18. Raf1 Nc6 19. Nxe5 Nxh3+ 20. Qxh3 Nxe5 21. Nd5 Qd6 22. c3 f6 23. Nxf6+ gxf6 24. Rxf6 Qe7 25. d4 cxd4 26. cxd4 Rf8 27. dxe5 Qxe5 28. Rg6+ 1-0

[Event "Vilnius op"]
[Site "Vilnius"]
[Date "2014.11.23"]
[Round "6"]
[White "Feofanov, Boris"]
[Black "Jakutis, Paulius"]
[Result "0-1"]
[WhiteElo "1820"]
[BlackElo "1720"]
[PlyCount "74"]
[EventDate "2014.11.19"]
[EventType "swiss"]
[EventRounds "9"]
[EventCountry "LTU"]
[SourceTitle "CBM 163 Extra"]
[Source "ChessBase"]
[SourceDate "2014.12.23"]
[SourceVersion "1"]
[SourceVersionDate "2014.12.23"]
[SourceQuality "1"]

1. d4 Nf6 2. c4 c5 3. d5 e6 4. Nc3 exd5 5. cxd5 d6 6. e4 g6 7. h3 Bg7 8. Nf3 a6 9. a4 0-0 10. Bd3 Re8 11. 0-0 Nbd7 12. Bf4 c4 13. Bc2 Nc5 14. Re1 Nh5 15. Bh2 Qf6 16. e5 dxe5 17. Bxe5 Qd8 18. Bxg7 Rxe1+ 19. Nxe1 Nxg7 20. Qd4 Nd7 21. Qxc4 Ne5 22. Qe2 Qc7 23. Nf3 Nc4 24. Bb3 Nd6 25. Nd4 Bf5 26. Nxf5 Ngxf5 27. Qd3 Re8 28. Rd1 Qb6 29. Qc2 Nd4 30. Rxd4 Qxd4 31. Kf1 b5 32. Ne2 Qe4 33. Qd1 Nc4 34. Bxc4 bxc4 35. Nc3 Qd3+ 36. Qxd3 cxd3 37. d6 d2 0-1

[Event "Vilnius op"]
[Site "Vilnius"]
[Date "2014.11.19"]
[Round "1"]
[White "Bieliauskas, Marius"]
[Black "Jakutis, Paulius"]
[Result "1-0"]
[WhiteElo "2164"]
[BlackElo "1720"]
[PlyCount "83"]
[EventDate "2014.11.19"]
[EventType "swiss"]
[EventRounds "9"]
[EventCountry "LTU"]
[SourceTitle "CBM 163 Extra"]
[Source "ChessBase"]
[SourceDate "2014.12.23"]
[SourceVersion "1"]
[SourceVersionDate "2014.12.23"]
[SourceQuality "1"]

1. d4 Nf6 2. c4 c5 3. d5 e6 4. Nc3 exd5 5. cxd5 d6 6. e4 g6 7. Bd3 Bg7 8. h3 a6 9. Bg5 b5 10. a3 Nbd7 11. Nf3 c4 12. Bc2 Nc5 13. 0-0 0-0 14. Re1 h6 15. Be3 Nfd7 16. Qd2 Kh7 17. Rad1 Qc7 18. Ne2 Bb7 19. Ng3 Ne5 20. Nxe5 dxe5 21. f4 Rad8 22. f5 Rd6 23. Rf1 Rf6 24. Rc1 a5 25. Kh2 a4 26. Qb4 Nb3 27. Bxb3 axb3 28. Qxb3 gxf5 29. Nxf5 Qd7 30. Qc2 Rg8 31. Rf3 Bf8 32. Rcf1 Bc8 33. Ng3 Rxf3 34. Rxf3 Qe7 35. Qf2 Rg7 36. Nh5 f5 37. Nxg7 Bxg7 38. Rxf5 Bxf5 39. Qxf5+ Kh8 40. Qg6 Qf8 41. d6 Kg8 42. Bxh6 1-0

[Event "Plunge op 34th"]
[Site "Plateliai"]
[Date "2014.07.20"]
[Round "9"]
[White "Maciuitis, Ignas"]
[Black "Jakutis, Paulius"]
[Result "1/2-1/2"]
[WhiteElo "1419"]
[BlackElo "1712"]
[PlyCount "39"]
[EventDate "2014.07.14"]
[EventType "swiss"]
[EventRounds "9"]
[EventCountry "LTU"]
[SourceTitle "EXT 2015"]
[Source "ChessBase"]
[SourceDate "2014.11.20"]
[SourceVersion "1"]
[SourceVersionDate "2014.11.20"]
[SourceQuality "1"]

1. e4 e5 2. Nf3 Nf6 3. Nxe5 d6 4. Nf3 Nxe4 5. Nc3 Nxc3 6. dxc3 Be7 7. Be2 Nc6 8. 0-0 0-0 9. Nd4 Nxd4 10. cxd4 Bf5 11. Bc4 d5 12. Bb3 c6 13. Qf3 Be4 14. Qg4 Bd6 15. Re1 Qf6 16. c3 Rae8 17. Bd2 Bf5 18. Qh5 h6 19. h3 Be4 20. Qg4 1/2-1/2

[Event "Plunge op 34th"]
[Site "Plateliai"]
[Date "2014.07.18"]
[Round "7"]
[White "Misiuk, Ernest"]
[Black "Jakutis, Paulius"]
[Result "1-0"]
[WhiteElo "1556"]
[BlackElo "1712"]
[PlyCount "85"]
[EventDate "2014.07.14"]
[EventType "swiss"]
[EventRounds "9"]
[EventCountry "LTU"]
[SourceTitle "EXT 2015"]
[Source "ChessBase"]
[SourceDate "2014.11.20"]
[SourceVersion "1"]
[SourceVersionDate "2014.11.20"]
[SourceQuality "1"]

1. d4 Nf6 2. c4 c5 3. d5 e6 4. Nc3 exd5 5. cxd5 d6 6. e4 g6 7. f4 Bg7 8. Bb5+ Bd7 9. e5 dxe5 10. fxe5 Nh5 11. e6 fxe6 12. Bxd7+ Qxd7 13. d6 0-0 14. Nf3 Nc6 15. 0-0 Nd4 16. Ne4 Qc6 17. Qd3 Nf4 18. Bxf4 Rxf4 19. Rae1 Nxf3+ 20. Rxf3 Rxf3 21. Qxf3 Rf8 22. Qe2 Be5 23. Ng5 Bd4+ 24. Kh1 Qxd6 25. Nxe6 Re8 26. Qg4 Bxb2 27. Qc4 Kh8 28. Qb3 Bd4 29. Qxb7 Rxe6 30. Qc8+ Kg7 31. Qxe6 Qxe6 32. Rxe6 a5 33. g3 Kf7 34. Rc6 Ke7 35. Kg2 Kd7 36. Ra6 c4 37. Rxa5 Kc6 38. Kf1 c3 39. Ke2 Bb6 40. Ra3 Bd4 41. Kd3 Kc5 42. Rxc3+ Bxc3 43. Kxc3 1-0